000 00691nam a22001937a 4500
005 20251108164014.0
008 250721s1994 xx 000 0 ara d
082 1 4 _a632.9/دجو
100 1 _aالدجوي، علي
245 1 0 _aتكنولوجيا الزراعة الحيوية و المقاومة البيولوجية :
_bالمنافع و التطبيقيات و بدائل المبيدات الكيميائية /
264 1 _aالقاهرة :
_bابن سينا،
_c1994.
300 _a191ص
650 1 7 _aالزراعة
650 1 7 _aالضبط الزراعي
650 1 7 _aمكافحة الحشرات
650 1 7 _aمكافحة الآفات
942 _2ddc
_cBK
999 _c1230
_d1230